| 000 | 00675cam a22002413a 4500 | ||
|---|---|---|---|
| 001 | 24671 | ||
| 003 | PGUSA | ||
| 005 | 20140828083530.0 | ||
| 008 | 080222s2008||||xxu|||||s|||||000 | eng d | ||
| 040 |
_aPGUSA _beng |
||
| 042 | _adc | ||
| 050 | 4 | _aSB | |
| 100 | 1 |
_aEgan, W. C. _q(William Constantine), _d1841-1930 |
|
| 245 | 1 | 0 |
_aMaking a Garden of Perennials _h[electronic resource] / _cW. C. Egan |
| 260 |
_bProject Gutenberg, _c2008 |
||
| 506 | _aPublic domain in the USA. | ||
| 516 | _aElectronic text | ||
| 653 | _aFlower gardening | ||
| 653 | _aPerennials | ||
| 830 | 0 |
_aProject Gutenberg _v24671 |
|
| 856 | 4 | 0 | _uhttp://www.gutenberg.org/ebooks/24671 |
| 942 | _cEB | ||
| 999 |
_c253926 _d253926 |
||